Unclothed Desires/ (Record no. 204556)

MARC details
000 -LEADER
fixed length control field 00418nam a22001697a 4500
005 - DATE AND TIME OF LATEST TRANSACTION
control field 20241106125234.0
010 ## - LCCN (DPL NO)
LC control number ENG-141045
020 ## - INTERNATIONAL STANDARD BOOK NUMBER
International Standard Book Number 978939385321
Terms of availability 200.00
035 ## - SYSTEM CONTROL NUMBER
System control number EN-124577
037 ## - SOURCE OF ACQUISITION
Source of stock number/acquisition DBAD
082 ## - DEWEY DECIMAL CLASSIFICATION NUMBER
Classification number 881
100 ## - MAIN ENTRY--PERSONAL NAME
Personal name Sharma, Sujata
245 ## - TITLE STATEMENT
Title Unclothed Desires/
Statement of responsibility, etc By Sujata Sharma
260 ## - PUBLICATION, DISTRIBUTION, ETC. (IMPRINT)
Name of publisher, distributor, etc
300 ## - PHYSICAL DESCRIPTION
Extent 57.Pages
Dimensions 20cm,(hb)
942 ## - ADDED ENTRY ELEMENTS (KOHA)
Source of classification or shelving scheme Dewey Decimal Classification
Item type English Books
Classification part 881
Call number suffix SUJ
Holdings
Withdrawn status Lost status Not for loan Collection code Home library Current library Date acquired Source of acquisition Cost, normal purchase price Full call number Barcode Copy number Cost, replacement price Koha item type
      Non-fiction R.K.Puram-8 R.K.Puram-8 26/07/2024 DBAD 200.00 881 SUJ EN-124577 1 200.00 English Books

© Delhi Public Library
Hit Counter
free hit counter